000 01289nam a22003857a 4500
001 000099131
003 CHAP
005 20220329143351.0
008 090102s1992 sp r 00010 spa d
010 _a95596
011 _a96568
020 _a8426708641
035 _a107222
040 _cCHAP
082 0 4 _a697.93
_bE77
100 1 _aEsquerra i Pizà, Pere.
_938140
245 1 0 _aClimatización de confort e industrial /
_c/por Pere Esquerra i Pizà.
260 _aBarcelona, Esp. :
_bMarcombo,
_c1992.
300 _a133 p. :
_bilus., cuadros, gráfs.
490 0 _aProdúctica
_v; 53
590 _aBATCH-UPD
_b10
_c20130110
_lUCH01
_h0352
590 _aBATCH-UPD
_b10
_c20130110
_lUCH01
_h2033
590 _aBATCH-UPD
_b10
_c20130410
_lUCH01
_h0026
590 _aBATCH-UPD
_b10
_c20130914
_lUCH01
_h1235
590 _aCONVERSION
_b10
_c20130109
_lUCH01
_h1353
590 _aE11695DGD
_b10
_c20160208
_lUCH01
_h1155
650 0 4 _aEdificios.
_935369
650 0 4 _aIndustria
_xAdministración.
_957683
830 0 _aProdúctica
_v; 53
_991857
901 _aBK
942 _cLIBRO
942 _n0
949 _a658.2 Es68
_bBC
_cLIBRO
_d33724002076595
_eLIBRO
_gI.C/e
_h110270
_i107222
_sb
_t$178.00
949 _a658.2 Es68
_bBC
_cLIBRO
_d33724002076637
_eLIBRO
_fc.2
_gI.c/e
_h110271
_i107222
_sb
_t$178.00
999 _c95596
_d95596